000 00924nam a22003017a 4500
001 BR0903256
003 BR-BrBNA
005 20230928103017.0
007 ta
008 230509b bl.||||| |||| 00| 0 por d
040 _aBR-BrBNA
_bpor
_cBiblioteca Nacional de Agricultura
041 _a(Por)
072 _aE11; B50
090 _ E11 BR0903256
100 1 _aSantos, R.
110 1 _aFundaçao Astrojildo Pereira, Brasilia, DF (Brasil)
_95073
110 1 _aMinistério do Desenvolvimento Agrário, Brasília, DF (Brasil). Núcleo de Estudos Agrários e Desenvolvimento Rural
_97481
110 1 _aIICA, Brasilia, DF (Brasil)
_95552
245 1 _aAgraristas políticos brasileiros
260 3 _aBrasília, DF (Brasil):
_c2007.
300 _a199 p.
650 _aREFORMA AGRÁRIA
650 _aAGRICULTURA
650 _aSINDICATO
650 _aHISTÓRIA
909 _a202309
_bLucia
_c55
_dLucia Elande
942 _cBK
999 _c73338
_d73338